[Event "SVK ECo-C Extraliga 2018-19"]
[Site "Slovakia"]
[Date "2019.03.09"]
[Round "7.5"]
[White "Bury, Rastislav"]
[Black "Jacko, Vladimir"]
[Result "1/2-1/2"]
[WhiteElo "2137"]
[BlackElo "2317"]
[Annotator "NA"]
[PlyCount "104"]
[EventDate "2018.11.10"]
[EventType "team-tourn"]
[EventCountry "SVK"]
[SourceTitle "playchess.com"]
[Source "ChessBase"]
[SourceQuality "1"]
[WhiteTeam "Osuske"]
[BlackTeam "Prakovce"]
[TimeControl "40/5400+30:1800+30"]

1. d4 {[%emt 0:00:00]} Nf6 {[%emt 0:01:04]} 2. Nf3 {[%emt 0:00:38]} g6 {[%emt 0:00:20]} 3. g3 {[%emt 0:01:17]} Bg7 {[%emt 0:00:36]} 4. Bg2 {[%emt 0:00:03]} O-O {[%emt 0:00:07]} 5. O-O {[%emt 0:00:03]} d6 {[%emt 0:00:08]} 6. c4 {[%emt 0:00:04]} Nbd7 {[%emt 0:00:18]} 7. Nc3 {[%emt 0:00:05]} e5 {[%emt 0:01:14]} 8. e4 {[%emt 0:02:38]} exd4 {[%emt 0:00:37]} 9. Nxd4 {[%emt 0:00:07]} Re8 {[%emt 0:00:46]} 10. h3 {[%emt 0:01:26]} a6 {[%emt 0:00:05]} 11. Re1 {[%emt 0:01:21]} Rb8 {[%emt 0:00:33]} 12. a4 {[%emt 0:04:22]} Ne5 {[%emt 0:06:50]} 13. Qe2 {[%emt 0:16:56]} c5 {[%emt 0:05:24]} 14. Nf3 {[%emt 0:04:19]} Nc6 {[%emt 0:01:55]} (14... Nfd7 $11) 15. Bf4 {[%emt 0:02:23]} Nh5 {[%emt 0:30:23]} 16. Bg5 {[%emt 0:07:16]} Nd4 {[%emt 0:03:54] [#]} 17. Qd2 $16 {[%emt 0:08:01]} Qa5 {[%emt 0:13:12]} 18. g4 {[%emt 0:05:41]} Nf6 {[%emt 0:03:19]} 19. Rad1 {[%emt 0:10:53]} Nd7 {[%emt 0:13:26]} 20. Nd5 {[%emt 0:04:35]} Qxd2 {[%emt 0:00:59]} 21. Rxd2 {[%emt 0:00:23]} Nc6 {[%emt 0:05:56]} 22. Nc7 {[%emt 0:00:48]} Rf8 {[%emt 0:00:33]} 23. Nd5 {[%emt 0:04:59]} f6 {[%emt 0:03:04]} 24. Bf4 {[%emt 0:01:46]} Nde5 {[%emt 0:00:12]} 25. Nb6 {[%emt 0:03:34]} g5 {[%emt 0:02:30]} 26. Bg3 {[%emt 0:01:37]} Rd8 {[%emt 0:00:04]} 27. Red1 {[%emt 0:02:01]} Bf8 {[%emt 0:00:59]} 28. Bxe5 {[%emt 0:10:04]} Nxe5 {[%emt 0:00:33]} 29. Nxe5 {[%emt 0:02:16]} fxe5 {[%emt 0:00:03]} 30. Nxc8 {[%emt 0:01:20]} Rbxc8 {[%emt 0:02:02]} 31. Bf1 {[%emt 0:00:13]} Rc6 {[%emt 0:00:38]} 32. b3 {[%emt 0:00:51]} Rd7 {[%emt 0:00:17]} 33. Kg2 {[%emt 0:00:33]} Rf7 {[%emt 0:01:21]} 34. f3 {[%emt 0:00:14]} Be7 {[%emt 0:00:24]} 35. Be2 {[%emt 0:00:14]} Rf6 {[%emt 0:00:59]} 36. Rb2 {[%emt 0:00:24]} Rb6 {[%emt 0:01:00]} 37. Rdb1 {[%emt 0:02:06]} Rb4 {[%emt 0:00:18]} 38. Rc2 {[%emt 0:00:20]} Bd8 {[%emt 0:00:15]} 39. Bd3 {[%emt 0:00:21]} Ba5 {[%emt 0:00:13]} 40. Be2 {[%emt 0:00:09]} Rb6 {[%emt 0:01:46]} 41. Kg3 {[%emt 0:30:14]} Rh6 {[%emt 0:30:45]} 42. Bf1 {[%emt 0:00:17]} Kf7 {[%emt 0:01:01]} 43. Kf2 {[%emt 0:00:34]} Rc6 {[%emt 0:00:16]} 44. Ke3 {[%emt 0:00:24]} Rc8 {[%emt 0:00:43]} 45. Kf2 {[%emt 0:00:38]} Ke7 {[%emt 0:00:00]} 46. Ke3 {[%emt 0:00:00]} Rf8 {[%emt 0:00:00]} 47. Bg2 {[%emt 0:00:00]} Rhf6 {[%emt 0:00:00]} 48. Rf1 {[%emt 0:00:00]} Bb4 {[%emt 0:00:00]} 49. Ra1 {[%emt 0:00:00]} h5 {[%emt 0:00:00]} 50. Rcc1 {[%emt 0:00:00]} Rh8 {[%emt 0:00:00]} 51. gxh5 {[%emt 0:00:00]} Rxh5 {[%emt 0:00:00]} 52. Rc2 {[%emt 0:00:00]} Rh4 {[%emt 0:00:00]} 1/2-1/2

[Event "SVK ECo-C Extraliga 2018-19"]
[Site "Slovakia"]
[Date "2019.03.09"]
[Round "7.5"]
[White "Gajdosik, Andrej"]
[Black "Likavsky, Tomas"]
[Result "1/2-1/2"]
[WhiteElo "2010"]
[BlackElo "2423"]
[Annotator "NA"]
[PlyCount "81"]
[EventDate "2018.11.10"]
[EventType "team-tourn"]
[EventCountry "SVK"]
[SourceTitle "playchess.com"]
[Source "ChessBase"]
[SourceQuality "1"]
[WhiteTeam "Zilina"]
[BlackTeam "Podhajska"]
[TimeControl "40/5400+30:1800+30"]

1. d4 {[%emt 0:00:00]} d6 {[%emt 0:00:00]} 2. Nf3 {[%emt 0:00:41]} g6 {[%emt 0:00:10]} 3. c4 {[%emt 0:00:57]} Bg7 {[%emt 0:00:09]} 4. Nc3 {[%emt 0:00:05]} Bg4 {[%emt 0:01:54]} 5. e3 {[%emt 0:09:29]} Nf6 {[%emt 0:07:32]} 6. Be2 {[%emt 0:01:17]} O-O {[%emt 0:00:15]} 7. O-O {[%emt 0:01:50]} c5 {[%emt 0:01:10]} 8. b3 {[%emt 0:04:32]} Nc6 {[%emt 0:03:00]} 9. Bb2 {[%emt 0:02:41]} cxd4 {[%emt 0:06:15]} 10. Nxd4 {[%emt 0:03:01]} Bxe2 {[%emt 0:01:45]} 11. Ncxe2 {[%emt 0:04:50]} a6 {[%emt 0:07:26]} 12. a3 {[%emt 0:06:20]} Rc8 {[%emt 0:05:47]} 13. Rc1 {[%emt 0:01:45]} Qb6 {[%emt 0:03:01]} 14. Nxc6 {[%emt 0:06:33]} bxc6 {[%emt 0:04:42]} 15. b4 {[%emt 0:04:40]} c5 {[%emt 0:05:01]} 16. Qa4 {[%emt 0:01:21]} Rc7 {[%emt 0:05:08]} 17. Nf4 {[%emt 0:04:33]} e6 {[%emt 0:12:12]} 18. Nd3 {[%emt 0:04:55]} Nd7 {[%emt 0:07:27]} 19. Rb1 {[%emt 0:08:55]} cxb4 {[%emt 0:06:01]} 20. Bxg7 {[%emt 0:01:16]} Kxg7 {[%emt 0:00:02]} 21. axb4 {[%emt 0:04:08]} Qa7 {[%emt 0:02:30]} 22. Ra1 {[%emt 0:09:34]} Rxc4 {[%emt 0:04:06]} 23. Qxa6 {[%emt 0:01:36]} Qc7 {[%emt 0:00:16]} 24. Rac1 {[%emt 0:02:14]} d5 {[%emt 0:01:31]} 25. Rxc4 {[%emt 0:09:20]} Qxc4 {[%emt 0:00:26]} 26. Qa3 {[%emt 0:00:28]} Qb5 {[%emt 0:02:46]} 27. Nc5 {[%emt 0:02:47]} Nb6 {[%emt 0:01:56]} 28. Qa7 {[%emt 0:01:08]} Qc6 {[%emt 0:01:52]} 29. Qa1+ {[%emt 0:01:20]} Kg8 {[%emt 0:00:07]} 30. h3 {[%emt 0:00:11]} Nc4 {[%emt 0:01:27]} 31. Nd3 {[%emt 0:00:39]} Ra8 {[%emt 0:00:18]} 32. Qd4 {[%emt 0:00:53]} Ra2 {[%emt 0:00:57]} 33. Ne5 {[%emt 0:00:54]} Nxe5 {[%emt 0:05:58]} 34. Qxe5 {[%emt 0:00:03]} h5 {[%emt 0:00:27]} 35. Ra1 {[%emt 0:01:15]} Rxa1+ {[%emt 0:01:40]} 36. Qxa1 {[%emt 0:00:04]} Kf8 {[%emt 0:00:34]} 37. Qa7 {[%emt 0:00:45]} Qb5 {[%emt 0:01:23]} 38. Qa5 {[%emt 0:00:39]} Qb7 {[%emt 0:00:33]} 39. Qd8+ {[%emt 0:00:15]} Kg7 {[%emt 0:00:04]} 40. Qd6 {[%emt 0:00:12]} Qb5 {[%emt 0:00:37]} 41. h4 {[%emt 0:07:06]} 1/2-1/2

[Event "SVK ECo-C Extraliga 2018-19"]
[Site "Slovakia"]
[Date "2019.03.09"]
[Round "7.6"]
[White "Bagi, Mate"]
[Black "Vojtek, Vladimir"]
[Result "0-1"]
[WhiteElo "2453"]
[BlackElo "2313"]
[Annotator "RC"]
[PlyCount "136"]
[EventDate "2018.11.10"]
[EventType "team-tourn"]
[EventCountry "SVK"]
[SourceTitle "playchess.com"]
[Source "ChessBase"]
[SourceQuality "1"]
[WhiteTeam "Streda"]
[BlackTeam "Dubnica"]
[TimeControl "40/5400+30:1800+30"]

1. e4 {[%emt 0:00:00]} d5 {[%emt 0:00:00]} 2. exd5 {[%emt 0:00:00]} Qxd5 {[%emt 0:00:00]} 3. Nc3 {[%emt 0:00:25]} Qa5 {[%emt 0:00:00]} 4. d4 {[%emt 0:01:15]} Nf6 {[%emt 0:00:00]} 5. Nf3 {[%emt 0:01:00]} Nc6 {[%emt 0:00:07]} 6. Bd2 {[%emt 0:07:39]} a6 {[%emt 0:01:21]} 7. h3 {[%emt 0:12:34]} e6 {[%emt 0:08:53]} 8. Bc4 {[%emt 0:09:38]} Qb6 {[%emt 0:02:46]} 9. Qe2 {[%emt 0:09:01]} Nxd4 {[%emt 0:12:09]} 10. Nxd4 {[%emt 0:00:11]} Qxd4 {[%emt 0:00:02]} 11. O-O-O {[%emt 0:00:52]} Qc5 {[%emt 0:12:10]} 12. g4 {[%emt 0:09:28]} b5 {[%emt 0:08:02]} 13. Bb3 {[%emt 0:00:29]} Bb7 {[%emt 0:07:49]} 14. Be3 {[%emt 0:06:38]} Qc6 {[%emt 0:02:53]} 15. g5 {[%emt 0:03:29]} Ne4 {[%emt 0:06:23]} 16. Nxe4 {[%emt 0:04:20]} Qxe4 {[%emt 0:00:08]} 17. Qd2 {[%emt 0:02:35]} Bd6 {[%emt 0:01:34]} 18. Qc3 {[%emt 0:03:29]} Qe5 {[%emt 0:06:37]} 19. Qxe5 {[%emt 0:03:43]} Bxe5 {[%emt 0:00:03]} 20. Rhe1 {[%emt 0:00:09]} Bf3 {[%emt 0:07:57]} 21. Rd2 {[%emt 0:02:33]} Rd8 {[%emt 0:03:11]} 22. Rxd8+ {[%emt 0:01:41]} Kxd8 {[%emt 0:00:05]} 23. c4 {[%emt 0:00:19]} Ke7 {[%emt 0:02:25]} 24. a4 {[%emt 0:03:55]} bxa4 {[%emt 0:05:57]} 25. Bxa4 {[%emt 0:00:08]} Rb8 {[%emt 0:00:20]} 26. Bc5+ {[%emt 0:04:00]} Bd6 {[%emt 0:00:07]} 27. Be3 {[%emt 0:00:24]} Rb4 {[%emt 0:02:47]} 28. b3 {[%emt 0:00:08]} Rb8 {[%emt 0:00:57]} 29. h4 {[%emt 0:02:04]} Bb4 {[%emt 0:02:02]} 30. Rg1 {[%emt 0:01:57]} Rd8 {[%emt 0:01:04]} 31. c5 {[%emt 0:02:48]} Be4 {[%emt 0:01:40]} 32. Kb2 {[%emt 0:00:13]} Bd2 {[%emt 0:01:35]} 33. Rg4 {[%emt 0:00:37]} Bf5 {[%emt 0:01:09]} 34. Rc4 {[%emt 0:00:51]} Bd3 {[%emt 0:02:04]} 35. Rg4 {[%emt 0:00:46]} Be2 {[%emt 0:00:26]} 36. Rf4 {[%emt 0:01:41]} Bxe3 {[%emt 0:00:47]} 37. fxe3 {[%emt 0:00:05]} Rd2+ {[%emt 0:00:32]} 38. Ka3 {[%emt 0:01:48]} Rd3 {[%emt 0:00:37]} 39. Rb4 {[%emt 0:00:43]} Rc3 {[%emt 0:00:44]} 40. Rd4 {[%emt 0:00:46]} Rd3 {[%emt 0:01:00]} 41. Rb4 {[%emt 0:05:55]} Rd5 {[%emt 0:09:16]} 42. Rb8 {[%emt 0:02:14]} Rxc5 {[%emt 0:00:33]} 43. Kb4 {[%emt 0:02:13]} Rc1 {[%emt 0:01:34]} 44. Re8+ {[%emt 0:00:26]} Kd6 {[%emt 0:00:07]} 45. Rd8+ {[%emt 0:00:17]} Ke5 {[%emt 0:00:28]} 46. Rd7 {[%emt 0:00:04]} Bh5 {[%emt 0:11:07]} 47. Ka5 {[%emt 0:00:28]} Ke4 {[%emt 0:01:14]} 48. Kxa6 {[%emt 0:01:11]} Kxe3 {[%emt 0:00:36]} 49. Re7 {[%emt 0:00:58]} c5 {[%emt 0:06:10]} 50. Bb5 {[%emt 0:04:36]} Rh1 {[%emt 0:01:05]} 51. Kb6 {[%emt 0:01:06]} Rxh4 {[%emt 0:00:10]} 52. Kxc5 {[%emt 0:00:56]} Rg4 {[%emt 0:00:10]} 53. b4 {[%emt 0:01:09]} Rxg5+ {[%emt 0:00:07]} 54. Kb6 {[%emt 0:00:06]} Rg4 {[%emt 0:01:22]} 55. Kc5 {[%emt 0:00:15]} Rg5+ {[%emt 0:00:46]} 56. Kb6 {[%emt 0:00:06]} Rg1 {[%emt 0:00:19]} 57. Bc6 {[%emt 0:01:02]} g5 {[%emt 0:00:15]} 58. b5 {[%emt 0:01:58]} g4 {[%emt 0:00:16]} 59. Kc7 {[%emt 0:02:14]} g3 {[%emt 0:01:34]} 60. b6 {[%emt 0:00:15]} Rc1 {[%emt 0:00:43]} 61. b7 {[%emt 0:02:22]} Rxc6+ {[%emt 0:00:21]} 62. Kxc6 {[%emt 0:00:10]} Bf3+ {[%emt 0:00:05]} 63. Kd6 {[%emt 0:01:12]} Bxb7 {[%emt 0:00:09]} 64. Rxb7 {[%emt 0:00:07]} g2 {[%emt 0:00:20]} 65. Rb3+ {[%emt 0:00:45]} Kf2 {[%emt 0:00:06]} 66. Rb2+ {[%emt 0:00:05]} Kg3 {[%emt 0:00:05]} 67. Rb3+ {[%emt 0:01:13]} Kh2 {[%emt 0:00:05]} 68. Rb2 {[%emt 0:00:07]} Kh1 {[%emt 0:00:04]} 0-1

[Event "SVK ECo-C Extraliga 2018-19"]
[Site "Slovakia"]
[Date "2019.03.09"]
[Round "7.6"]
[White "Pcola, Pavol"]
[Black "Schwarz, Dusan"]
[Result "1-0"]
[WhiteElo "2381"]
[BlackElo "2331"]
[Annotator "NA"]
[PlyCount "83"]
[EventDate "2018.11.10"]
[EventType "team-tourn"]
[EventCountry "SVK"]
[SourceTitle "playchess.com"]
[Source "ChessBase"]
[SourceQuality "1"]
[WhiteTeam "Snina"]
[BlackTeam "Modra"]
[TimeControl "40/5400+30:1800+30"]

1. c4 {[%emt 0:00:00]} e5 {[%emt 0:00:00]} 2. g3 {[%emt 0:00:00]} Nf6 {[%emt 0:00:12]} 3. Bg2 {[%emt 0:00:00]} Nc6 {[%emt 0:00:38]} 4. Nc3 {[%emt 0:00:00]} Bc5 {[%emt 0:00:36]} 5. a3 {[%emt 0:00:00]} a5 {[%emt 0:03:12]} 6. e3 {[%emt 0:07:48]} O-O {[%emt 0:05:45]} 7. Nge2 {[%emt 0:00:09]} Re8 {[%emt 0:00:52]} 8. O-O {[%emt 0:00:39]} d6 {[%emt 0:05:52]} 9. d4 {[%emt 0:00:56]} exd4 {[%emt 0:05:17]} 10. exd4 {[%emt 0:00:20]} Ba7 {[%emt 0:01:22]} 11. h3 {[%emt 0:11:25]} Bf5 {[%emt 0:04:06]} 12. g4 {[%emt 0:02:25]} Bg6 {[%emt 0:18:05]} 13. Bg5 {[%emt 0:27:51]} h6 {[%emt 0:00:23]} 14. Bh4 {[%emt 0:00:22]} Bh7 {[%emt 0:00:40]} 15. f4 {[%emt 0:02:14]} Qd7 {[%emt 0:26:36]} 16. Bxf6 {[%emt 0:00:49]} gxf6 {[%emt 0:00:06]} 17. f5 {[%emt 0:07:36]} Kg7 {[%emt 0:00:58]} 18. Kh2 {[%emt 0:07:24]} Re3 {[%emt 0:06:29]} 19. Nd5 {[%emt 0:03:46]} Rxe2 {[%emt 0:03:39]} 20. Qxe2 {[%emt 0:00:13]} Bxd4 {[%emt 0:00:32]} 21. Rae1 {[%emt 0:01:08]} Be5+ {[%emt 0:00:55]} 22. Kh1 {[%emt 0:00:28]} h5 {[%emt 0:00:51]} 23. Nf4 {[%emt 0:08:44]} hxg4 {[%emt 0:01:12]} 24. hxg4 {[%emt 0:00:26]} Rh8 {[%emt 0:01:52]} 25. Nh5+ {[%emt 0:02:42]} Kf8 {[%emt 0:00:21]} 26. Qd2 {[%emt 0:06:55]} Bg6 {[%emt 0:02:42]} 27. fxg6 {[%emt 0:00:19]} fxg6 {[%emt 0:00:10]} 28. Qg5 {[%emt 0:05:28]} gxh5 {[%emt 0:07:54]} 29. Rxf6+ {[%emt 0:01:18]} Ke8 {[%emt 0:00:51]} 30. gxh5 {[%emt 0:00:34]} Qe7 {[%emt 0:01:14]} 31. Rg6 {[%emt 0:00:51]} Qxg5 {[%emt 0:00:31]} 32. Bxc6+ {[%emt 0:00:11]} bxc6 {[%emt 0:00:18]} 33. Rxg5 {[%emt 0:00:06]} Kf7 {[%emt 0:01:04]} 34. Rf1+ {[%emt 0:01:03]} Ke6 {[%emt 0:00:38]} 35. b3 {[%emt 0:00:41]} a4 {[%emt 0:00:52]} 36. bxa4 {[%emt 0:00:47]} c5 {[%emt 0:00:21]} 37. Kg2 {[%emt 0:00:21]} Ra8 {[%emt 0:00:17]} 38. h6 {[%emt 0:00:46]} Rxa4 {[%emt 0:00:52]} 39. h7 {[%emt 0:00:08]} Bd4 {[%emt 0:00:29]} 40. Rg6+ {[%emt 0:01:23]} Kd7 {[%emt 0:00:28]} 41. Rf7+ {[%emt 0:30:57]} Kc6 {[%emt 0:00:55]} 42. Rgg7 {[%emt 0:00:00] Kd5} 1-0

[Event "SVK ECo-C Extraliga 2018-19"]
[Site "Slovakia"]
[Date "2019.03.09"]
[Round "7.6"]
[White "Briestensky, Rastislav"]
[Black "Jurcik, Martin"]
[Result "1-0"]
[WhiteElo "2345"]
[BlackElo "2354"]
[Annotator "TA"]
[PlyCount "149"]
[EventDate "2018.11.10"]
[EventType "team-tourn"]
[EventCountry "SVK"]
[SourceTitle "playchess.com"]
[Source "ChessBase"]
[SourceQuality "1"]
[WhiteTeam "Slovan"]
[BlackTeam "Dunajov"]

{[%evp 31,149,21,29,16,27,18,24,4,8,22,6,2,4,4,4,0,20,20,19,7,16,12,28,30,30,29,38,32,50,49,88,89,75,87,111,115,105,109,123,123,123,123,123,123,123,106,108,100,123,123,123,123,123,123,123,123,123,123,146,138,138,0,131,115,115,115,123,122,123,125,171,150,168,177,179,175,176,129,136,129,129,111,155,161,157,156,143,149,197,167,202,178,295,292,294,267,340,340,265,250,2760,2084,5081,433,29988,926,4618,4024,1183,503,1393,288,29975,862,704,388,739,713,29980,29981]} 1. Nf3 d5 2. d4 Nf6 3. e3 {[%cal Be2e3,Be3e4][%mdl 32]} e6 4. Bd3 c5 5. c3 Nbd7 6. O-O Bd6 7. Nbd2 O-O 8. e4 cxd4 9. cxd4 e5 10. exd5 exd4 11. Ne4 Nxe4 12. Bxe4 Nf6 13. Bg5 h6 {D30: Queen's Gambit Declined: Systems without Nc3} (13... Re8) 14. Bxf6 Qxf6 15. Qxd4 Qxd4 16. Nxd4 Bd7 {LiveBook: 6 Games} 17. Rfd1 g6 18. Rac1 Rfe8 $146 ({Predecessor:} 18... Rac8 19. g3 Kg7 20. Kg2 h5 21. h4 Rxc1 22. Rxc1 {½-½ (31) Kalinichev,A (2356)-Kosov,I (2386) Tula 2006}) 19. Bf3 Rac8 20. Rxc8 Rxc8 21. h3 Be5 22. b3 Kg7 23. Kf1 Re8 24. Be2 a6 25. Bg4 f5 26. Bf3 Bd6 27. Nc6 Kf6 28. Na5 b5 29. Nc6 Rc8 30. a4 Rc7 31. axb5 axb5 32. Ra1 Bxc6 33. dxc6 $16 {[%mdl 4096] Endgame KRB-KRB} Re7 34. Ra6 {aiming for c7!} Kg7 35. Be2 b4 36. Bc4 Bc7 37. Ra8 Kf6 38. Ra4 Bd6 39. Ra6 Bc7 40. Ra8 Kg7 41. g3 Kf6 42. Rf8+ Kg7 43. Rg8+ Kf6 44. Kg2 Bd6 45. Rd8 Bc7 46. Rg8 Bd6 $1 47. Kf3 Rc7 48. Bb5 Kf7 49. Ra8 Re7 50. Rd8 Bc5 51. Rd5 Ba7 52. g4 fxg4+ 53. hxg4 Kg7 54. Rd2 Bb6 55. Bc4 Bc7 56. Ra2 Bd6 57. Bd5 Bc7 58. Ra4 Bd6 59. Be4 Bc5 60. Ra2 Bd6 61. Ke3 h5 (61... Bc7 $142 62. f4 Kf6) 62. gxh5 $18 gxh5 63. f4 {[%cal Bf2f4,Bf4f5][%mdl 32]} Rf7 64. Rg2+ Kf8 65. f5 $1 {Hoping for Rg6.} h4 $2 (65... Ke7 66. Kd4 Bf4) 66. Rg6 Be5 {[#]} 67. Rh6 (67. f6 $142 $1 {[%mdl 512]} h3 (67... Bxf6 68. Rxf6) 68. Rh6) 67... Bf6 (67... Bg7 $18) 68. Kd3 (68. Rxf6 $142 Rxf6 69. c7 h3 70. c8=Q+ Kf7 71. Qc7+ Kf8 72. Qe5 Rxf5 73. Bxf5) 68... Bg5 69. Rg6 Bf4 70. Rg4 (70. f6 $142 h3 71. Bf3) 70... Bg3 {[#]} (70... Be5 $142 71. Rxh4 Re7) 71. Kc4 $2 (71. f6 $1 {[%mdl 512]} Bd6 (71... Rxf6 72. Rxg3) 72. Rg6) 71... Be1 $2 (71... Ke7 $18 72. Kxb4 Bd6+ 73. Kc4 h3) 72. Rg1 (72. Bd5 $142 Rc7 73. f6 Rxc6+ 74. Bxc6 Bc3 75. Rf4 Bb2 76. Bd5 Be5 77. Rf5) 72... Bc3 73. Rg5 Bd2 $2 (73... Ke7 74. Rh5 Kd6 75. Rxh4 Bf6) 74. Rh5 Be1 75. Bd5 {Precision: White = 63%, Black = 30%.} 1-0

[Event "SVK ECo-C Extraliga 2018-19"]
[Site "Slovakia"]
[Date "2019.03.09"]
[Round "7.6"]
[White "Rastislav, FM Briestensky"]
[Black "Martin, FM Jurcik"]
[Result "1-0"]
[WhiteElo "2345"]
[BlackElo "2354"]
[Annotator "ChessBase"]
[PlyCount "149"]
[EventDate "2018.11.10"]
[EventType "team-tourn"]
[EventCountry "SVK"]
[SourceTitle "playchess.com"]
[Source "ChessBase"]
[SourceQuality "1"]
[WhiteTeam "2"]
[BlackTeam "1"]
[TimeControl "40/5400+30:1800+30"]

1. Nf3 {[%emt 0:00:00]} d5 {[%emt 0:00:23]} 2. d4 {[%emt 0:00:00]} Nf6 {[%emt 0:00:55]} 3. e3 {[%emt 0:02:23]} e6 {[%emt 0:02:08]} 4. Bd3 {[%emt 0:02:07]} c5 {[%emt 0:01:40]} 5. c3 {[%emt 0:02:07]} Nbd7 {[%emt 0:01:24]} 6. O-O {[%emt 0:00:42]} Bd6 {[%emt 0:01:28]} 7. Nbd2 {[%emt 0:00:20]} O-O {[%emt 0:01:29]} 8. e4 {[%emt 0:03:44]} cxd4 9. cxd4 {[%emt 0:02:35]} e5 {[%emt 0:10:18]} 10. exd5 {[%emt 0:05:31]} exd4 {[%emt 0:00:34]} 11. Ne4 {[%emt 0:10:09]} Nxe4 {[%emt 0:14:48]} 12. Bxe4 {[%emt 0:00:09]} Nf6 {[%emt 0:00:18]} 13. Bg5 {[%emt 0:14:08]} h6 {[%emt 0:05:09]} 14. Bxf6 {[%emt 0:00:28]} Qxf6 {[%emt 0:00:37]} 15. Qxd4 {[%emt 0:01:14]} Qxd4 {[%emt 0:01:23]} 16. Nxd4 {[%emt 0:00:19]} Bd7 {[%emt 0:09:38]} 17. Rfd1 {[%emt 0:03:05]} g6 {[%emt 0:03:41]} 18. Rac1 {[%emt 0:04:00]} Rfe8 {[%emt 0:01:52]} 19. Bf3 {[%emt 0:06:21]} Rac8 {[%emt 0:07:57]} 20. Rxc8 Rxc8 {[%emt 0:00:11]} 21. h3 {[%emt 0:13:49]} Be5 {[%emt 0:09:45]} 22. b3 {[%emt 0:03:24]} Kg7 {[%emt 0:10:28]} 23. Kf1 {[%emt 0:10:57]} Re8 {[%emt 0:11:03]} 24. Be2 {[%emt 0:04:39]} a6 {[%emt 0:01:19]} 25. Bg4 {[%emt 0:02:22]} f5 {[%emt 0:01:15]} 26. Bf3 {[%emt 0:00:21]} Bd6 {[%emt 0:02:01]} 27. Nc6 {[%emt 0:02:37]} Kf6 {[%emt 0:01:12]} 28. Na5 {[%emt 0:00:22]} b5 {[%emt 0:00:32]} 29. Nc6 {[%emt 0:00:53]} Rc8 {[%emt 0:00:28]} 30. a4 {[%emt 0:01:06]} Rc7 {[%emt 0:00:31]} 31. axb5 {[%emt 0:00:25]} axb5 {[%emt 0:00:01]} 32. Ra1 {[%emt 0:00:24]} Bxc6 33. dxc6 {[%emt 0:00:04]} Re7 {[%emt 0:01:21]} 34. Ra6 {[%emt 0:01:46]} Kg7 {[%emt 0:00:32]} 35. Be2 {[%emt 0:01:19]} b4 {[%emt 0:00:14]} 36. Bc4 {[%emt 0:00:08]} Bc7 {[%emt 0:00:44]} 37. Ra8 {[%emt 0:01:15]} Kf6 {[%emt 0:00:11]} 38. Ra4 {[%emt 0:00:52]} Bd6 {[%emt 0:00:05]} 39. Ra6 {[%emt 0:00:35]} Bc7 {[%emt 0:00:16]} 40. Ra8 {[%emt 0:00:54]} Kg7 {[%emt 0:00:39]} 41. g3 {[%emt 0:30:56]} Kf6 {[%emt 0:05:42]} 42. Rf8+ {[%emt 0:00:00]} Kg7 {[%emt 0:00:56]} 43. Rg8+ {[%emt 0:00:00]} Kf6 {[%emt 0:00:08]} 44. Kg2 {[%emt 0:00:00]} Bd6 {[%emt 0:02:55]} 45. Rd8 {[%emt 0:00:00]} Bc7 {[%emt 0:01:42]} 46. Rg8 {[%emt 0:00:00]} Bd6 {[%emt 0:00:06]} 47. Kf3 {[%emt 0:00:00]} Rc7 {[%emt 0:04:45]} 48. Bb5 {[%emt 0:00:00]} Kf7 {[%emt 0:01:26]} 49. Ra8 {[%emt 0:00:00]} Re7 {[%emt 0:06:54]} 50. Rd8 {[%emt 0:00:00]} Bc5 {[%emt 0:00:58]} 51. Rd5 {[%emt 0:00:00]} Ba7 {[%emt 0:02:06]} 52. g4 {[%emt 0:00:00]} fxg4+ {[%emt 0:01:01]} 53. hxg4 {[%emt 0:00:00]} Kg7 {[%emt 0:00:58]} 54. Rd2 {[%emt 0:00:07]} Bb6 {[%emt 0:02:56]} 55. Bc4 {[%emt 0:00:33]} Bc7 {[%emt 0:00:51]} 56. Ra2 {[%emt 0:01:07]} Bd6 {[%emt 0:02:12]} 57. Bd5 {[%emt 0:00:46]} Bc7 {[%emt 0:00:51]} 58. Ra4 {[%emt 0:01:05]} Bd6 {[%emt 0:00:03]} 59. Be4 {[%emt 0:00:52]} Bc5 {[%emt 0:00:25]} 60. Ra2 {[%emt 0:00:41]} Bd6 {[%emt 0:01:05]} 61. Ke3 {[%emt 0:00:49]} h5 {[%emt 0:02:41]} 62. gxh5 {[%emt 0:01:21]} gxh5 {[%emt 0:00:00]} 63. f4 {[%emt 0:00:26]} Rf7 {[%emt 0:00:17]} 64. Rg2+ {[%emt 0:00:09]} Kf8 {[%emt 0:00:09]} 65. f5 {[%emt 0:00:35]} h4 {[%emt 0:00:07]} 66. Rg6 {[%emt 0:00:44]} Be5 {[%emt 0:02:37]} 67. Rh6 {[%emt 0:01:19]} Bf6 {[%emt 0:00:11]} 68. Kd3 {[%emt 0:00:22]} Bg5 {[%emt 0:00:55]} 69. Rg6 {[%emt 0:00:46]} Bf4 {[%emt 0:00:26]} 70. Rg4 {[%emt 0:00:56]} Bg3 {[%emt 0:00:20]} 71. Kc4 {[%emt 0:00:30]} Be1 {[%emt 0:00:08]} 72. Rg1 {[%emt 0:00:24]} Bc3 {[%emt 0:00:53]} 73. Rg5 {[%emt 0:01:00]} Bd2 {[%emt 0:00:31]} 74. Rh5 {[%emt 0:00:20]} Be1 {[%emt 0:00:02]} 75. Bd5 {[%emt 0:00:42]} 1-0

[Event "SVK ECo-C Extraliga 2018-19"]
[Site "Slovakia"]
[Date "2019.03.09"]
[Round "7.6"]
[White "Chovan, Milan"]
[Black "Turcel, Jozef"]
[Result "1-0"]
[WhiteElo "2336"]
[BlackElo "2030"]
[Annotator "NA"]
[PlyCount "45"]
[EventDate "2018.11.10"]
[EventType "team-tourn"]
[EventCountry "SVK"]
[SourceTitle "playchess.com"]
[Source "ChessBase"]
[SourceQuality "1"]
[WhiteTeam "Podhajska"]
[BlackTeam "Zilina"]
[TimeControl "40/5400+30:1800+30"]

1. d4 {[%emt 0:00:00]} Nf6 {[%emt 0:00:00]} 2. c4 {[%emt 0:00:00]} g6 {[%emt 0:00:01]} 3. Nc3 {[%emt 0:00:00]} d5 {[%emt 0:00:27]} 4. Bf4 {[%emt 0:00:03]} Bg7 {[%emt 0:03:20]} 5. e3 {[%emt 0:00:07]} O-O {[%emt 0:04:03]} 6. Rc1 {[%emt 0:00:20]} c5 {[%emt 0:05:12]} 7. dxc5 {[%emt 0:00:33]} Qa5 {[%emt 0:01:28]} 8. cxd5 {[%emt 0:00:25]} Rd8 {[%emt 0:15:24]} 9. Bc4 {[%emt 0:01:33]} Be6 {[%emt 0:20:40]} 10. e4 {[%emt 0:04:04]} Nxe4 {[%emt 0:03:18]} 11. Nge2 {[%emt 0:00:12]} Nxf2 {[%emt 0:07:12]} 12. Qb3 {[%emt 0:01:19]} Nxh1 {[%emt 0:04:46]} 13. dxe6 {[%emt 0:00:57]} Qxc5 {[%emt 0:08:15]} 14. exf7+ {[%emt 0:04:48]} Kf8 {[%emt 0:04:51]} 15. Ne4 {[%emt 0:07:32]} Qa5+ {[%emt 0:04:39]} 16. Kf1 {[%emt 0:06:43]} h6 {[%emt 0:01:55]} 17. Kg1 {[%emt 0:03:46]} Nc6 {[%emt 0:03:33]} 18. Kxh1 {[%emt 0:03:15]} Nd4 {[%emt 0:01:16]} 19. Qe3 {[%emt 0:12:35]} g5 {[%emt 0:02:23]} 20. Bxg5 {[%emt 0:07:13]} Nxe2 {[%emt 0:05:50]} 21. Bxe7+ {[%emt 0:03:02]} Kxe7 {[%emt 0:00:02]} 22. Nc5+ {[%emt 0:01:36]} Kd6 {[%emt 0:01:17]} 23. Nxb7+ {[%emt 0:04:55] Kd5} 1-0